Top 30 : Guy2Bezbar - Statistiques

Statistiques générales
  • Ce quiz a été pris 68 fois
  • Le résultat moyen est 11 sur 30
Statistiques - réponses
Top Titres Featuring % Correct
1 Monaco
90%
7 PAY! Theodora
86%
8 Jerrican La Mano 1.9
82%
2 Melrose Place KeBlack
82%
3 Le classico organisé Koba LaD, PLK, Gazo, SCH, Jul, Naps, Kofs, Soso Maness, Le classico organisé
65%
9 Tue ça Koba LaD, SDM
61%
12 Sosa Leto
59%
5 De bon matin Niska
53%
4 Ça canarde Bolémvn
47%
19 La jeunesse dorée Killa Predator
47%
14 Coco Tayc
43%
11 DIS-MOI SDM
39%
6 Full black
35%
22 Cracklanders - Part. I
33%
15 Jour et nuit
31%
25 HELLO JEY BROWNIE, Josman
27%
13 Indiana RK, Mig
27%
17 Business
24%
20 ZERO Franglish
24%
26 AMBITION
22%
21 Fendi love Hamza
22%
16 POP Josman
20%
23 Prada
20%
24 Tchapalo Leto, SDM
20%
30 Bébé à moi
18%
28 Fly Leto
16%
10 Beretta
14%
18 ON DÉGAINE
14%
29 + de sous Favé
8%
27 Lala
8%
Aucun quiz correspondant
Distribution des résultats
% des personnes avec chaque résultat
Percentile par nombre de réponses
Votre historique - résultats
Vous n’avez pas pris ce quiz